[Event "CRO-chT3 West"]
[Site "Croatia"]
[Date "2020.09.12"]
[Round "1.6"]
[White "Valkovic, Valter"]
[Black "Imgrund, Danijel"]
[Result "0-1"]
[WhiteElo "1786"]
[BlackElo "1828"]
[PlyCount "144"]
[EventDate "2020.09.12"]
[EventType "team-tourn"]
[EventRounds "9"]
[EventCountry "CRO"]
[SourceTitle "EXT 2022"]
[Source "ChessBase"]
[SourceDate "2021.10.06"]
[SourceVersion "1"]
[SourceVersionDate "2021.10.06"]
[SourceQuality "1"]
[WhiteTeam "Pula II"]
[BlackTeam "Delnice"]
[WhiteTeamCountry "CRO"]
[BlackTeamCountry "CRO"]

1. d4 d5 2. Nf3 Nc6 3. Bf4 e6 4. c3 Bd6 5. Bg5 Nf6 6. e3 a6 7. Bd3 Bd7 8. Nbd2 h6 9. Bh4 g5 10. Bg3 Bxg3 11. hxg3 Qe7 12. Nxg5 0-0-0 13. Ngf3 Ng4 14. Qe2 e5 15. Nh4 e4 16. Bc2 Qg5 17. 0-0-0 f5 18. Bb3 Ne7 19. Kb1 Kb8 20. Rc1 Rc8 21. c4 c6 22. c5 Rhf8 23. Rc3 Kc7 24. Bd1 Ra8 25. Rb3 Be6 26. Re1 Nc8 27. Nf1 Na7 28. Qd2 Rab8 29. f3 Nh2 30. Qf2 Nxf1 31. Rxf1 Rg8 32. g4 exf3 33. Qg3+ f4 34. Qxf4+ Qxf4 35. exf4 Rxg4 36. Nxf3 Rxf4 37. Re1 Bf5+ 38. Kc1 Be4 39. a4 Rg8 40. Rg1 Nc8 41. g3 Bxf3 42. Rxf3 Rxd4 43. Rf7+ Kb8 44. Rh7 Rc4+ 45. Kb1 Rxc5 46. Rxh6 Rc4 47. g4 Nb6 48. b3 Rc3 49. Kb2 Rd3 50. Bc2 Rd2 51. Kc1 Re2 52. g5 Nd7 53. g6 Re7 54. Rf1 Ne5 55. Rf6 Ng4 56. Rh7 Re1+ 57. Kd2 Nxf6 58. Kxe1 Nxh7 59. gxh7 Rh8 60. Kf2 Kc7 61. Ke3 Kd6 62. Kf4 b5 63. axb5 axb5 64. Kg5 c5 65. Kg6 c4 66. Kg7 Rxh7+ 67. Kxh7 Kc5 68. Kg6 d4 69. bxc4 bxc4 70. Kf5 d3 71. Bd1 Kd4 72. Kf4 c3 0-1

[Event "CRO-chT3 West"]
[Site "Croatia"]
[Date "2010.10.24"]
[Round "9.45"]
[White "Mateta, Marin"]
[Black "Valkovic, Valter"]
[Result "0-1"]
[WhiteElo "1727"]
[BlackElo "1835"]
[PlyCount "70"]
[EventDate "2010.03.27"]
[EventType "team-tourn"]
[EventRounds "9"]
[EventCountry "CRO"]
[SourceTitle "EXT 2012"]
[Source "ChessBase"]
[SourceDate "2011.11.24"]
[SourceVersion "1"]
[SourceVersionDate "2011.11.24"]
[SourceQuality "1"]

1. e4 d6 2. Bc4 c6 3. Nc3 b5 4. Bb3 a5 5. a3 Nf6 6. d3 e6 7. Nf3 Be7 8. e5 dxe5 9. Nxe5 0-0 10. 0-0 Bb7 11. Bf4 Qb6 12. Qe2 c5 13. a4 b4 14. Nc4 Qc6 15. Ne4 Nxe4 16. dxe4 Qxe4 17. Qxe4 Bxe4 18. Rad1 Nc6 19. Nb6 Rad8 20. Nc4 Nd4 21. Nxa5 Ne2+ 22. Kh1 Nxf4 23. f3 Bd5 24. Nc4 Bf6 25. Rb1 Bxc4 26. Bxc4 Rd2 27. g3 Rxc2 28. Bb5 Nd5 29. b3 Nc3 30. Bd3 Rd2 31. Bc4 Nxb1 32. Rxb1 Rfd8 33. a5 Ra2 34. a6 Rdd2 35. Bf1 Rxh2+ 0-1

[Event "CRO-chT3 West"]
[Site "Croatia"]
[Date "2010.03.28"]
[Round "3.45"]
[White "Baljak, Jadranko"]
[Black "Valkovic, Valter"]
[Result "1-0"]
[WhiteElo "1915"]
[BlackElo "1835"]
[PlyCount "137"]
[EventDate "2010.03.27"]
[EventType "team-tourn"]
[EventRounds "9"]
[EventCountry "CRO"]
[SourceTitle "EXT 2012"]
[Source "ChessBase"]
[SourceDate "2011.11.24"]
[SourceVersion "1"]
[SourceVersionDate "2011.11.24"]
[SourceQuality "1"]

1. c4 Nf6 2. Nf3 c5 3. Nc3 Nc6 4. d4 cxd4 5. Nxd4 e5 6. Nc2 Bc5 7. Be3 Be7 8. g3 0-0 9. Bg2 a6 10. 0-0 d6 11. Bg5 Be6 12. b3 Qc7 13. Ne3 Nd4 14. Bxf6 Bxf6 15. Ned5 Qa5 16. e3 Nf5 17. Qe2 Bd8 18. Rfd1 Qc5 19. Ne4 Qc8 20. Rac1 b6 21. Qb2 Rb8 22. Nec3 h5 23. Nb4 Bd7 24. Ne4 Bc7 25. Nd5 Be6 26. Bh3 Re8 27. Bg2 Qd8 28. Nb4 Qc8 29. Qe2 h4 30. Nd5 Bd8 31. b4 Qd7 32. b5 a5 33. a4 Bxd5 34. cxd5 Nh6 35. Rc6 Be7 36. Rdc1 f5 37. Nd2 Rb7 38. Bh3 g6 39. e4 Rf8 40. Qe3 f4 41. Bxd7 fxe3 42. Be6+ Kg7 43. fxe3 hxg3 44. hxg3 Rfb8 45. Nc4 Bg5 46. Rc3 Ng8 47. Nxd6 Re7 48. Nc8 Reb7 49. Kf2 Nf6 50. Kf3 Kh6 51. Rc7 Ne8 52. Rxb7 Rxb7 53. Rc6 Bd8 54. d6 Kg5 55. Bh3 Rf7+ 56. Ke2 Rb7 57. d7 Nf6 58. Nd6 Ra7 59. Nf7+ Kh5 60. Nxd8 Nxd7 61. Bxd7 Rxd7 62. Ne6 Kg4 63. Rxb6 Rh7 64. Rc6 Rh2+ 65. Kd3 Ra2 66. Nc5 g5 67. b6 Rb2 68. b7 Kxg3 69. Rc8 1-0